[Event "Quebec op U1600"]
[Site "Montreal CAN"]
[Date "1989.07.27"]
[Round "6"]
[White "Porcell, Matias"]
[Black "Marcil, Serge"]
[Result "0-1"]
[WhiteElo "1599"]
[BlackElo "1457"]
[PlyCount "64"]
[GameId "2160767912519025"]
[EventDate "1989.07.22"]
[EventType "swiss"]
[EventRounds "8"]
[EventCountry "CAN"]
[SourceTitle "hb 2009.04"]

1. d4 b6 2. Nf3 Bb7 3. e3 e6 4. c4 Nf6 5. a3 d5 6. cxd5 Nxd5 7. g3 Nd7 8. Bg2 c5 9. O-O Rc8 10. Bd2 Be7 11. Qa4 O-O 12. Qxa7 Bc6 13. Qa6 b5 14. Ne5 Nxe5 15. dxe5 Qd7 16. Bxd5 Qxd5 17. f3 Ra8 18. Nc3 Qd7 19. Qb6 Rfb8 20. Qxb8+ Rxb8 21. Rad1 Qb7 22. e4 Rd8 23. Kg2 h6 24. h4 b4 25. axb4 cxb4 26. Ne2 Bb5 27. Rfe1 Bxe2 28. Rxe2 Qb5 29. Ree1 Qd3 30. Kh3 Qxd2 31. Rxd2 Rxd2 32. Rb1 b3 0-1

[Event "Quebec op U1600"]
[Site "Montreal CAN"]
[Date "1989.07.28"]
[Round "7"]
[White "Casullo , Joseph"]
[Black "Gauthier, Andre"]
[Result "0-1"]
[WhiteElo "1600"]
[BlackElo "1499"]
[PlyCount "98"]
[GameId "2160767912519026"]
[EventDate "1989.07.22"]
[EventType "swiss"]
[EventRounds "8"]
[EventCountry "CAN"]
[SourceTitle "hb 2009.04"]

1. e4 c5 2. d4 cxd4 3. c3 Nf6 4. e5 Nd5 5. Bc4 Nb6 6. Bb3 dxc3 7. Nxc3 Nc6 8. Nf3 e6 9. O-O d5 10. Qe2 Be7 11. Rd1 Bd7 12. Bf4 Na5 13. Bc2 Nbc4 14. Ba4 Bxa4 15. Nxa4 Nc6 16. Rac1 Qa5 17. Nc3 O-O 18. b3 Na3 19. Bd2 Qb6 20. Na4 Qb5 21. Qe3 Rfd8 22. Nd4 Nxd4 23. Qxd4 Nc4 24. Nc3 Qb6 25. Qxb6 Nxb6 26. Nb5 Rdc8 27. Be3 Rc6 28. Rxc6 bxc6 29. Rc1 cxb5 30. Rc7 d4 31. Bxd4 Nd5 32. Rc1 a5 33. g3 h6 34. f4 a4 35. Kf2 axb3 36. axb3 Ra2+ 37. Kg1 Rd2 38. Bc3 Bc5+ 39. Kh1 Nxc3 40. Rxc3 Rd1+ 41. Kg2 Rd5 42. Rc1 Kf8 43. Kf3 Ke7 44. Ke4 Rd4+ 45. Kf3 Ba3 46. Rb1 Rd2 47. h3 Rb2 48. Rxb2 Bxb2 49. Ke3 f6 0-1

[Event "Quebec op U1600"]
[Site "Montreal CAN"]
[Date "1989.07.28"]
[Round "7"]
[White "Cliche, Philippe"]
[Black "Michaud, Jacques"]
[Result "0-1"]
[WhiteElo "1535"]
[BlackElo "1448"]
[PlyCount "70"]
[GameId "2160767912519027"]
[EventDate "1989.07.22"]
[EventType "swiss"]
[EventRounds "8"]
[EventCountry "CAN"]
[SourceTitle "hb 2009.04"]

1. e4 c5 2. Nf3 d6 3. d4 cxd4 4. Nxd4 Nf6 5. Nc3 e6 6. Be3 a6 7. Be2 Qc7 8. O-O b5 9. a3 Bb7 10. Bd3 Be7 11. f4 O-O 12. f5 e5 13. Nf3 Ng4 14. Qd2 Nxe3 15. Qxe3 d5 16. Qe1 dxe4 17. Nxe4 Nd7 18. Qg3 Nf6 19. Nxf6+ Bxf6 20. Nd2 Rad8 21. Ne4 Bxe4 22. Bxe4 Rd7 23. Qf3 Rfd8 24. Rad1 Qc5+ 25. Kh1 a5 26. c3 Rd2 27. Rxd2 Rxd2 28. Rd1 Rxb2 29. h3 Qxa3 30. Bd5 Qf8 31. Bb7 h6 32. Qh5 Qe8 33. Rd5 Rb1+ 34. Kh2 e4 35. h4 Qb8+ 0-1

[Event "Quebec op U1600"]
[Site "Montreal CAN"]
[Date "1989.07.28"]
[Round "7"]
[White "Hristea, Dan"]
[Black "Tremblay, Siegfried"]
[Result "1/2-1/2"]
[WhiteElo "1583"]
[BlackElo "1538"]
[PlyCount "50"]
[GameId "2160767912519028"]
[EventDate "1989.07.22"]
[EventType "swiss"]
[EventRounds "8"]
[EventCountry "CAN"]
[SourceTitle "hb 2009.04"]

1. d4 f5 2. c4 Nf6 3. g3 e6 4. Bg2 Be7 5. Nc3 O-O 6. Bg5 d6 7. Nf3 Nbd7 8. Qc2 e5 9. dxe5 Nxe5 10. Nxe5 dxe5 11. Rd1 Qe8 12. Nb5 Bd8 13. O-O a6 14. Nc3 e4 15. Nd5 Nxd5 16. Bxd8 Qxd8 17. Rxd5 Qe7 18. e3 Be6 19. Rd4 Rad8 20. Rfd1 Rd7 21. Rxd7 Bxd7 22. Qd2 Be6 23. Bf1 Qe8 24. Qa5 Qc6 25. Qd2 b6 1/2-1/2

[Event "Quebec op U1600"]
[Site "Montreal CAN"]
[Date "1989.07.28"]
[Round "7"]
[White "Laforest, Claude"]
[Black "Charest, Johanne"]
[Result "1-0"]
[WhiteElo "1443"]
[BlackElo "1558"]
[PlyCount "35"]
[GameId "2160767912519029"]
[EventDate "1989.07.22"]
[EventType "swiss"]
[EventRounds "8"]
[EventCountry "CAN"]
[SourceTitle "EXT 2022"]
[Source "ChessBase"]
[SourceDate "2021.10.06"]
[SourceVersion "1"]
[SourceVersionDate "2021.10.06"]
[SourceQuality "1"]

1. e4 e5 2. d4 exd4 3. c3 dxc3 4. Bc4 Bc5 5. Nf3 d6 6. O-O Nf6 7. e5 c2 8. Qxc2 dxe5 9. Bxf7+ Kxf7 10. Nxe5+ Kg8 11. Qxc5 Na6 12. Qc4+ Qd5 13. Rd1 Be6 14. Rxd5 Bxd5 15. Qh4 Rd8 16. h3 h6 17. Nc3 Be6 18. Be3 1-0

[Event "Quebec op U1600"]
[Site "Montreal CAN"]
[Date "1989.07.28"]
[Round "7"]
[White "Marcil, Serge"]
[Black "Godin, Robert"]
[Result "1-0"]
[WhiteElo "1457"]
[BlackElo "1529"]
[PlyCount "57"]
[GameId "2160767912519030"]
[EventDate "1989.07.22"]
[EventType "swiss"]
[EventRounds "8"]
[EventCountry "CAN"]
[SourceTitle "hb 2009.04"]

1. b3 e5 2. Bb2 d6 3. e3 g6 4. f4 Bg7 5. fxe5 dxe5 6. Nf3 Nc6 7. Bb5 Qe7 8. Bxc6+ bxc6 9. O-O Bg4 10. h3 Bxf3 11. Rxf3 f5 12. Rf2 e4 13. Bxg7 Qxg7 14. Nc3 Nf6 15. Qe2 Nd5 16. Qc4 Qd7 17. Qd4 O-O 18. Ne2 Rfd8 19. Rd1 Qd6 20. c4 c5 21. Qxd5+ Qxd5 22. cxd5 Rxd5 23. Nf4 Rd6 24. Rc1 g5 25. Nh5 Rf8 26. Rxc5 Rh6 27. Ng3 f4 28. Rxg5+ Rg6 29. Rxg6+ 1-0

[Event "Quebec op U1600"]
[Site "Montreal CAN"]
[Date "1989.07.28"]
[Round "7"]
[White "Petit, Raymond"]
[Black "Hannachi, Imed"]
[Result "0-1"]
[WhiteElo "1547"]
[BlackElo "1278"]
[PlyCount "52"]
[GameId "2160767912519031"]
[EventDate "1989.07.22"]
[EventType "swiss"]
[EventRounds "8"]
[EventCountry "CAN"]
[SourceTitle "hb 2009.04"]

1. d4 Nf6 2. Nf3 e6 3. Bf4 b6 4. e3 Bb7 5. Bd3 d6 6. h3 Nbd7 7. Qe2 Be7 8. Nbd2 a5 9. e4 O-O 10. g4 Rc8 11. O-O-O c5 12. e5 Ne8 13. exd6 Bxd6 14. Bxd6 Nxd6 15. Ne4 Nxe4 16. Bxe4 Bxe4 17. Qxe4 c4 18. c3 Qc7 19. Kc2 b5 20. a3 b4 21. axb4 axb4 22. Ng5 Nf6 23. Qe5 Qc6 24. Ra1 h6 25. h4 hxg5 26. hxg5 b3+ 0-1

[Event "Quebec op U1600"]
[Site "Montreal CAN"]
[Date "1989.07.28"]
[Round "7"]
[White "Porcell, Matias"]
[Black "Nataf, Paul"]
[Result "0-1"]
[WhiteElo "1599"]
[BlackElo "1611"]
[PlyCount "72"]
[GameId "2160767912519032"]
[EventDate "1989.07.22"]
[EventType "swiss"]
[EventRounds "8"]
[EventCountry "CAN"]
[SourceTitle "hb 2009.04"]

1. d4 f5 2. c4 Nf6 3. Nf3 e6 4. g3 Be7 5. Bg2 O-O 6. O-O d5 7. b3 b6 8. Bf4 Ne4 9. h4 Bb7 10. Qc2 Na6 11. cxd5 exd5 12. Ne5 g5 13. hxg5 Bxg5 14. Bxg5 Qxg5 15. Nf3 Qh5 16. e3 Rf6 17. Nbd2 Rh6 18. Nh4 Qg5 19. Ndf3 Qg4 20. a3 Rf8 21. b4 c6 22. Rac1 Nb8 23. Ne5 Qg7 24. Qd1 Nd7 25. Nxd7 Qxd7 26. Rc2 Qg7 27. Qf3 Ng5 28. Qd1 Rff6 29. Kh2 Ne4 30. Qf3 Ng5 31. Qf4 Ba6 32. Rd1 Bc4 33. Kg1 Bb3 34. Nxf5 Qf8 35. Nxh6+ Qxh6 36. Qh4 Nf3+ 0-1

[Event "Quebec op U1600"]
[Site "Montreal CAN"]
[Date "1989.07.29"]
[Round "8"]
[White "Charest, Johanne"]
[Black "Shevchvik, Michel"]
[Result "1-0"]
[WhiteElo "1558"]
[BlackElo "1249"]
[PlyCount "85"]
[GameId "2160767912519033"]
[EventDate "1989.07.22"]
[EventType "swiss"]
[EventRounds "8"]
[EventCountry "CAN"]
[SourceTitle "EXT 2022"]
[Source "ChessBase"]
[SourceDate "2021.10.06"]
[SourceVersion "1"]
[SourceVersionDate "2021.10.06"]
[SourceQuality "1"]

1. e4 c5 2. Nf3 Nc6 3. d4 cxd4 4. Nxd4 e6 5. Nc3 d6 6. Be3 Nf6 7. Be2 Be7 8. Qd2 a6 9. f4 Qc7 10. Nb3 Bd7 11. a3 b5 12. Rd1 O-O 13. g4 Na5 14. Nxa5 Qxa5 15. g5 Ne8 16. h4 Nc7 17. h5 f6 18. gxf6 Rxf6 19. e5 Rf7 20. exd6 Bf6 21. dxc7 Qxc7 22. Bd4 Bxd4 23. Qxd4 Bc6 24. Rf1 Raf8 25. Bg4 Qe7 26. Be2 Qh4+ 27. Qf2 Qe7 28. Qg3 h6 29. Bd3 e5 30. fxe5 Rf3 31. Rxf3 Rxf3 32. Qg4 Re3+ 33. Kd2 Bd7 34. Qg6 Rxe5 35. Qh7+ Kf8 36. Rf1+ Bf5 37. Rxf5+ Rxf5 38. Qxf5+ Qf6 39. Nd5 Qxf5 40. Bxf5 Kf7 41. Bg6+ Ke6 42. Nc7+ Kf6 43. Nxa6 1-0

[Event "Quebec op U1600"]
[Site "Montreal CAN"]
[Date "1989.07.29"]
[Round "8"]
[White "Hannachi, Imed"]
[Black "Porcell, Matias"]
[Result "1-0"]
[WhiteElo "1278"]
[BlackElo "1599"]
[PlyCount "53"]
[GameId "2160767912519034"]
[EventDate "1989.07.22"]
[EventType "swiss"]
[EventRounds "8"]
[EventCountry "CAN"]
[SourceTitle "hb 2009.04"]

1. e4 e5 2. Nf3 Nc6 3. Bb5 a6 4. Ba4 d6 5. c3 Nf6 6. d3 Be7 7. h3 O-O 8. Be3 h6 9. Nbd2 b5 10. Bc2 Nh7 11. Nf1 f5 12. exf5 Bxf5 13. Ng3 Be6 14. Qd2 Bd5 15. Bb3 Bxb3 16. axb3 a5 17. Qc2 Ng5 18. Qe2 Nxf3+ 19. gxf3 d5 20. Rg1 Qe8 21. Nf1 Qh5 22. Rg4 Qxh3 23. Ng3 Kh8 24. Kd2 Qg2 25. Rh1 Qxf3 26. Bxh6 Qxe2+ 27. Kxe2 1-0

[Event "Quebec op U1600"]
[Site "Montreal CAN"]
[Date "1989.07.29"]
[Round "8"]
[White "Henault, Alain"]
[Black "Martin, Jocelyn"]
[Result "1-0"]
[WhiteElo "1627"]
[BlackElo "1362"]
[PlyCount "93"]
[GameId "2160767912519035"]
[EventDate "1989.07.22"]
[EventType "swiss"]
[EventRounds "8"]
[EventCountry "CAN"]
[SourceTitle "hb 2009.04"]

1. e4 c5 2. Nf3 d6 3. d4 cxd4 4. Nxd4 Nf6 5. Nc3 a6 6. Bd3 e5 7. Nf3 Bg4 8. O-O Be7 9. Nd5 Nxd5 10. exd5 Nd7 11. c4 Nf6 12. Be2 O-O 13. Nh4 Bxe2 14. Qxe2 Nxd5 15. Nf5 Nf6 16. Qf3 Qd7 17. Bg5 Nd5 18. cxd5 Bxg5 19. Qg4 Qd8 20. h4 Bf6 21. h5 Rc8 22. Rac1 Rc7 23. Qb4 Qd7 24. Qxd6 Qxd6 25. Nxd6 Rd7 26. Ne4 Be7 27. Rfd1 Rfd8 28. Nc5 Rc7 29. b4 a5 30. a3 axb4 31. axb4 b6 32. Na6 Rxc1 33. Rxc1 Rxd5 34. Rc7 Bf8 35. Rb7 Rb5 36. Rb8 f6 37. Nc7 Rxb4 38. Ne6 Kf7 39. Nxf8 Rb1+ 40. Kh2 h6 41. Nd7 b5 42. Nc5 b4 43. Rb7+ Kg8 44. Kg3 f5 45. f3 g5 46. hxg6 h5 47. Ne6 1-0

[Event "Quebec op U1600"]
[Site "Montreal CAN"]
[Date "1989.07.29"]
[Round "8"]
[White "Hettstedt, Kay"]
[Black "Godin, Robert"]
[Result "1-0"]
[WhiteElo "1600"]
[BlackElo "1529"]
[PlyCount "89"]
[GameId "2160767912519036"]
[EventDate "1989.07.22"]
[EventType "swiss"]
[EventRounds "8"]
[EventCountry "CAN"]
[SourceTitle "hb 2009.04"]

1. e4 e5 2. d4 exd4 3. Qxd4 Nc6 4. Qa4 Nf6 5. Bg5 Bb4+ 6. c3 Be7 7. Nf3 O-O 8. Bd3 Ng4 9. Bf4 b6 10. h3 Nf6 11. Nbd2 Bb7 12. Qc2 d6 13. O-O-O a5 14. e5 dxe5 15. Nxe5 Bd6 16. Rhe1 Nxe5 17. Bxe5 Bxe5 18. Rxe5 Re8 19. Rxe8+ Qxe8 20. g4 g6 21. f4 Nd5 22. Ne4 Qe7 23. Qf2 Nf6 24. Nxf6+ Qxf6 25. h4 Qe6 26. f5 Qxa2 27. fxg6 fxg6 28. Qd4 Bd5 29. Bb1 Qc4 30. Qxd5+ Qxd5 31. Rxd5 Rf8 32. h5 Rf1+ 33. Kc2 Rf2+ 34. Kc1 Rf1+ 35. Kc2 Rf2+ 36. Kb3 a4+ 37. Ka3 Rf1 38. Ba2 Kf8 39. Rd7 gxh5 40. gxh5 Rf5 41. Rxh7 b5 42. h6 Rh5 43. Rf7+ Ke8 44. h7 c5 45. Rb7 1-0

[Event "Quebec op U1600"]
[Site "Montreal CAN"]
[Date "1989.07.29"]
[Round "8"]
[White "Marcil, Serge"]
[Black "Gauthier, Andre"]
[Result "0-1"]
[WhiteElo "1457"]
[BlackElo "1499"]
[PlyCount "50"]
[GameId "2160767912519037"]
[EventDate "1989.07.22"]
[EventType "swiss"]
[EventRounds "8"]
[EventCountry "CAN"]
[SourceTitle "hb 2009.04"]

1. b3 e5 2. Bb2 Nc6 3. e3 Nf6 4. c4 d6 5. d4 exd4 6. exd4 Qe7+ 7. Be2 Bg4 8. f3 Bd7 9. Nd2 g6 10. f4 Bg7 11. Ngf3 O-O 12. h3 Rae8 13. Kf2 Qe3+ 14. Kf1 Nh5 15. g4 Ng3+ 16. Kg2 Nxh1 17. Kxh1 Qxe2 18. Qc2 Nb4 19. Qc3 Nd3 20. Ng5 Nf2+ 21. Kg1 Re3 22. d5 Bxc3 23. Ndf3 Nxh3+ 24. Nxh3 Rxf3 25. Bxc3 Rg3+ 0-1

[Event "Quebec op U1600"]
[Site "Montreal CAN"]
[Date "1989.07.29"]
[Round "8"]
[White "Nataf, Paul"]
[Black "Michaud, Jacques"]
[Result "1-0"]
[WhiteElo "1611"]
[BlackElo "1448"]
[PlyCount "103"]
[GameId "2160767912519038"]
[EventDate "1989.07.22"]
[EventType "swiss"]
[EventRounds "8"]
[EventCountry "CAN"]
[SourceTitle "hb 2009.04"]

1. e4 c5 2. Nf3 d6 3. c4 Nf6 4. Nc3 g6 5. d4 cxd4 6. Nxd4 Bg7 7. Be2 O-O 8. Be3 Nbd7 9. Qd2 Nc5 10. f3 Qa5 11. a3 Ne6 12. b4 Qc7 13. Rd1 Nxd4 14. Bxd4 Bd7 15. Bxf6 Bxf6 16. Nd5 Qd8 17. Nxf6+ exf6 18. Qxd6 Ba4 19. Qxd8 Rfxd8 20. Rd5 Bb3 21. Kd2 Rac8 22. Kc3 Rxd5 23. exd5 Bxc4 24. Bxc4 b5 25. Kd3 Rxc4 26. Re1 Kf8 27. Re4 Rxe4 28. fxe4 Ke7 29. Kd4 Kd6 30. g3 h6 31. h3 h5 32. g4 hxg4 33. hxg4 g5 34. Ke3 Ke5 35. Kd3 Kd6 36. Kd4 Kd7 37. Kc5 a6 38. Kb6 Kd6 39. Kxa6 f5 40. exf5 Kxd5 41. Kxb5 Ke4 42. a4 Kf4 43. a5 Kxg4 44. a6 Kxf5 45. a7 g4 46. a8=Q Kf4 47. Qb8+ Kg5 48. Qd8+ f6 49. Qd2+ Kf5 50. Qe3 Kg6 51. Kc4 f5 52. Kd5 1-0

[Event "Quebec op U1900"]
[Site "Montreal CAN"]
[Date "1989.07.22"]
[Round "1"]
[White "Bouchard, Rejean"]
[Black "Baltgailis, Vesma"]
[Result "1-0"]
[WhiteElo "1615"]
[BlackElo "1789"]
[PlyCount "91"]
[GameId "2160767912519039"]
[EventDate "1989.07.22"]
[EventType "swiss"]
[EventRounds "8"]
[EventCountry "CAN"]
[SourceTitle "hb 2009.04"]

1. e4 c5 2. Nf3 g6 3. d4 Bg7 4. Be3 Nf6 5. Nc3 Ng4 6. Bc4 Nxe3 7. fxe3 O-O 8. O-O Nc6 9. Ne2 b6 10. c3 Bb7 11. Ng3 Rc8 12. e5 d6 13. e6 d5 14. exf7+ Rxf7 15. Ng5 Rxf1+ 16. Qxf1 Bf6 17. N3e4 Na5 18. Ne6 Qe8 19. Bb5 Qf7 20. N4g5 Bxg5 21. Qxf7+ Kxf7 22. Nxg5+ Kg8 23. Rf1 Rf8 24. Rxf8+ Kxf8 25. Nxh7+ Kg7 26. Ng5 a6 27. Bd3 Nc6 28. dxc5 bxc5 29. Ne6+ Kf6 30. Nxc5 Ne5 31. Bxa6 Bxa6 32. Nxa6 Nc4 33. e4 Nxb2 34. exd5 Ke5 35. Nb4 Kd6 36. h4 Na4 37. Kf2 Nxc3 38. a3 Kc5 39. Ke3 Kc4 40. g4 Nb5 41. Ke4 Nc7 42. h5 gxh5 43. gxh5 Ne8 44. Ke5 Nf6 45. d6 Nxh5 46. d7 1-0

[Event "Quebec op U1900"]
[Site "Montreal CAN"]
[Date "1989.07.25"]
[Round "4"]
[White "Manuri, Louise"]
[Black "Forget, Luc"]
[Result "1-0"]
[WhiteElo "1380"]
[BlackElo "1777"]
[PlyCount "55"]
[GameId "2160767912519040"]
[EventDate "1989.07.22"]
[EventType "swiss"]
[EventRounds "8"]
[EventCountry "CAN"]
[SourceTitle "hb 2009.04"]

1. d4 Nf6 2. c4 e6 3. Nc3 Bb4 4. e3 c5 5. Nf3 O-O 6. Bd3 d5 7. O-O b6 8. Qc2 cxd4 9. Nxd4 e5 10. Nb3 e4 11. Be2 Ba6 12. cxd5 Bxc3 13. Bxa6 Nxa6 14. Qxc3 Rc8 15. Qd2 Qd6 16. Qe2 Nb4 17. Nd4 Rfd8 18. b3 Nd3 19. f3 Qxd5 20. Bb2 Nxb2 21. Qxb2 exf3 22. Rxf3 Qe4 23. Rc1 Qd3 24. Rxc8 Rxc8 25. Nf5 Rc3 26. Qa3 Ne4 27. Ne7+ Kh8 28. Ng6+ 1-0

[Event "Quebec op U1900"]
[Site "Montreal CAN"]
[Date "1989.07.27"]
[Round "6"]
[White "Cossette, Daniel"]
[Black "Amin, Rafiqul"]
[Result "0-1"]
[WhiteElo "1893"]
[BlackElo "1893"]
[PlyCount "132"]
[GameId "2160767912519041"]
[EventDate "1989.07.22"]
[EventType "swiss"]
[EventRounds "8"]
[EventCountry "CAN"]
[SourceTitle "hb 2009.04"]

1. d4 d5 2. c4 c6 3. cxd5 cxd5 4. Nf3 Nc6 5. Nc3 Nf6 6. Bf4 Bf5 7. e3 e6 8. Ne5 Nxe5 9. Bxe5 Nd7 10. Qb3 Nxe5 11. dxe5 Be7 12. Qxb7 O-O 13. Bb5 Bb4 14. O-O Qa5 15. Qa6 Bxc3 16. bxc3 Qxc3 17. Rac1 Qxe5 18. Bc6 Rac8 19. Qxa7 Rc7 20. Qa3 h6 21. Bb5 Rfc8 22. Bd7 Rc3 23. Rxc3 Rxc3 24. Qe7 Qf6 25. Qxf6 gxf6 26. h3 Ra3 27. Ra1 Bd3 28. Rc1 Rxa2 29. Rc8+ Kg7 30. Rc7 Ra6 31. Be8 Bg6 32. Bd7 h5 33. Kh2 f5 34. Kg3 Kf6 35. f4 Ra3 36. Kf2 h4 37. Be8 Ra2+ 38. Kf1 Bh5 39. Bb5 Ra5 40. Bd3 Ra3 41. Bb5 Rxe3 42. Rc2 Rb3 43. Ba6 Rb4 44. g3 hxg3 45. Kg2 Rxf4 46. Kxg3 Kg5 47. Rc8 Rf3+ 48. Kg2 Ra3 49. Rg8+ Kf4 50. Bf1 Ra2+ 51. Kg1 Ra1 52. Kf2 Ra2+ 53. Kg1 d4 54. Rh8 Be2 55. Bxe2 Rxe2 56. h4 d3 57. Kf1 Kf3 58. Ra8 e5 59. h5 e4 60. h6 d2 61. Ra1 Rh2 62. Kg1 Rxh6 63. Ra3+ e3 64. Ra1 Rg6+ 65. Kh1 e2 66. Ra3+ Kf2 0-1

[Event "Quebec op U1900"]
[Site "Montreal CAN"]
[Date "1989.07.27"]
[Round "6"]
[White "Fortin, Michel"]
[Black "Deschamps, Richard"]
[Result "0-1"]
[WhiteElo "1804"]
[BlackElo "1856"]
[PlyCount "78"]
[GameId "2160767912519042"]
[EventDate "1989.07.22"]
[EventType "swiss"]
[EventRounds "8"]
[EventCountry "CAN"]
[SourceTitle "hb 2009.04"]

1. d4 d6 2. e4 Nf6 3. Nc3 g6 4. Be2 Nbd7 5. h4 h6 6. Be3 Bg7 7. Qd2 a6 8. a4 c5 9. O-O-O Qa5 10. f4 O-O 11. Nh3 b5 12. e5 b4 13. exf6 bxc3 14. Qxc3 Qxc3 15. bxc3 Bxf6 16. Nf2 Bb7 17. Rh2 Rfc8 18. g4 Bg7 19. h5 Rc7 20. g5 hxg5 21. h6 gxf4 22. h7+ Kh8 23. Bxf4 cxd4 24. cxd4 Bd5 25. Rh3 Rac8 26. Rd2 Rc6 27. a5 Nf6 28. Bd3 Nxh7 29. Ne4 Kg8 30. Rdh2 Nf8 31. Rg3 R8c7 32. Be3 Bc4 33. Nf2 Bxd3 34. Nxd3 Rc4 35. Nf4 e5 36. Nd5 Rb7 37. Bg5 f5 38. Bf6 Kf7 39. Bxg7 Kxg7 0-1

[Event "Quebec op U1900"]
[Site "Montreal CAN"]
[Date "1989.07.28"]
[Round "7"]
[White "Gingras, Michel"]
[Black "Clement, Michel"]
[Result "0-1"]
[WhiteElo "1734"]
[BlackElo "1845"]
[PlyCount "96"]
[GameId "2160767912519043"]
[EventDate "1989.07.22"]
[EventType "swiss"]
[EventRounds "8"]
[EventCountry "CAN"]
[SourceTitle "hb 2009.04"]

1. d4 f5 2. c4 Nf6 3. g3 e6 4. Bg2 Bb4+ 5. Bd2 Be7 6. Nc3 O-O 7. e3 d5 8. Nge2 c6 9. cxd5 exd5 10. O-O Na6 11. Nf4 Bd6 12. Nd3 Qe7 13. a3 Nc7 14. b4 Ne4 15. Re1 Bd7 16. Rb1 Rf6 17. Ne2 Re8 18. Bc1 Rff8 19. f3 Nf6 20. Nc3 h5 21. e4 fxe4 22. fxe4 dxe4 23. Nxe4 Nxe4 24. Rxe4 Qf6 25. Rxe8 Rxe8 26. Ne5 Bf5 27. Rb3 g6 28. Bb2 Nd5 29. Qd2 Kh7 30. Rf3 Bf8 31. Bh3 Bh6 32. Qg2 Be3+ 33. Kh1 Be4 34. Rxf6 Bxg2+ 35. Bxg2 Nxf6 36. h3 a6 37. g4 h4 38. a4 Nd5 39. Be4 Nf4 40. Nf7 Re7 41. Ne5 Kh6 42. b5 Ne2 43. g5+ Kxg5 44. Bd3 Nxd4 45. Bxd4 Bxd4 46. Nf3+ Kf4 47. Nxd4 Ke3 48. Nxc6 bxc6 0-1

[Event "Quebec op U1900"]
[Site "Montreal CAN"]
[Date "1989.07.28"]
[Round "7"]
[White "Pouliot, Donald"]
[Black "Forget, Claude"]
[Result "1-0"]
[WhiteElo "1566"]
[BlackElo "1632"]
[PlyCount "67"]
[GameId "2160767912519044"]
[EventDate "1989.07.22"]
[EventType "swiss"]
[EventRounds "8"]
[EventCountry "CAN"]
[SourceTitle "hb 2009.04"]

1. d4 Nf6 2. c4 g6 3. Nc3 Bg7 4. e4 d6 5. Nf3 O-O 6. Bd3 Bg4 7. h3 Bxf3 8. Qxf3 Nc6 9. Ne2 Nd7 10. Be3 Nb4 11. Bd2 Nxd3+ 12. Qxd3 c5 13. Bc3 cxd4 14. Nxd4 Rc8 15. O-O Ne5 16. Qg3 Nxc4 17. Kh1 Qb6 18. Nf5 e5 19. Ne7+ Kh8 20. Nxc8 Rxc8 21. Qd3 Nxb2 22. Bxb2 Qxb2 23. Rab1 Qxa2 24. Rxb7 Qe6 25. Rfb1 Bf6 26. Rxa7 Bh4 27. Qf3 f6 28. Rbb7 Bg5 29. Rxh7+ Kg8 30. Rag7+ Kf8 31. Rxg6 Bf4 32. g3 Rc1+ 33. Kh2 Qc4 34. Rxf6+ 1-0

[Event "Quebec-ch"]
[Site "Montreal CAN"]
[Date "1989.06.12"]
[Round "1"]
[White "Levtchouk, George"]
[Black "Roy, Alain"]
[Result "1-0"]
[WhiteElo "2317"]
[BlackElo "2112"]
[PlyCount "103"]
[GameId "2160767912519143"]
[EventDate "1989.06.12"]
[EventType "tourn"]
[EventRounds "9"]
[EventCountry "CAN"]

1. d4 Nf6 2. c4 g6 3. Nc3 Bg7 4. e4 d6 5. Nf3 O-O 6. Be2 e5 7. O-O Nc6 8. d5 Ne7 9. Ne1 Nd7 10. Nd3 f5 11. Bd2 Nf6 12. f3 Rf7 13. c5 f4 14. cxd6 cxd6 15. Rc1 g5 16. a4 Ng6 17. Nf2 h5 18. h3 Bf8 19. Nb5 Ne8 20. Qb3 Rg7 21. Rc3 Nh8 22. Rfc1 a6 23. Na7 Bd7 24. Nc6 bxc6 25. dxc6+ Kh7 26. cxd7 Rxd7 27. Qe6 Ng7 28. Qd5 Ng6 29. Rb3 Ne7 30. Qa5 Ne6 31. Qxd8 Rdxd8 32. Rb6 a5 33. Rc4 Nd4 34. Bd3 Kh8 35. Bc3 Rd7 36. Bxd4 exd4 37. Rxd4 Nc8 38. Rb5 Bg7 39. Rdd5 Rc7 40. h4 Rc1+ 41. Bf1 gxh4 42. Rxh5+ Kg8 43. Rhg5 Rc5 44. Rbxc5 dxc5 45. Nd3 Kf7 46. Nxf4 Bd4+ 47. Kh2 Ne7 48. Kh3 Rh8 49. Bc4+ Kf6 50. Kg4 h3 51. gxh3 Bf2 52. e5# 1-0

[Event "Quebec-ch"]
[Site "Montreal CAN"]
[Date "1989.06.12"]
[Round "1"]
[White "Spraggett, Grant"]
[Black "Leveille, Francois"]
[Result "0-1"]
[WhiteElo "2290"]
[BlackElo "2262"]
[PlyCount "81"]
[GameId "2160767912519144"]
[EventDate "1989.06.12"]
[EventType "tourn"]
[EventRounds "9"]
[EventCountry "CAN"]

1. c4 c6 2. b3 d5 3. Bb2 d4 4. Nf3 c5 5. e3 Nc6 6. exd4 cxd4 7. d3 e5 8. g3 Bf5 9. a3 Nf6 10. Bg2 Nd7 11. b4 Be7 12. O-O O-O 13. Ne1 Qc7 14. Nd2 a5 15. b5 Nd8 16. f4 exf4 17. Rxf4 Bg6 18. Kh1 Ne6 19. Rf1 Ndc5 20. Nb3 Rad8 21. Nxc5 Nxc5 22. Bc1 Rfe8 23. Ra2 Bd6 24. Bd5 Kh8 25. Rg2 Be5 26. Kg1 Re7 27. Rd2 Rde8 28. Nf3 Bf6 29. Bb2 Re3 30. Ne1 Qe5 31. Ng2 Bxd3 32. Nxe3 Qxe3+ 33. Rff2 h5 34. Bg2 Qe1+ 35. Bf1 Bxc4 36. Qxe1 Rxe1 37. Bxd4 Ne4 38. Rxf6 Nxd2 39. Bc3 Rxf1+ 40. Rxf1 Nxf1 41. a4 0-1

[Event "Quebec-ch"]
[Site "Montreal CAN"]
[Date "1989.06.13"]
[Round "2"]
[White "Fraser, Michel"]
[Black "Spraggett, Grant"]
[Result "1-0"]
[WhiteElo "2102"]
[BlackElo "2296"]
[PlyCount "87"]
[GameId "2160767912519145"]
[EventDate "1989.06.12"]
[EventType "tourn"]
[EventRounds "9"]
[EventCountry "CAN"]

1. d4 d6 2. Nf3 Bg4 3. h3 Bxf3 4. exf3 g6 5. Bc4 Bg7 6. c3 d5 7. Bb3 Nf6 8. O-O O-O 9. Re1 e6 10. Bg5 h6 11. Bf4 Qe7 12. Qd2 Kh7 13. Qe3 Rc8 14. Nd2 Nbd7 15. Bc2 c5 16. dxc5 Nxc5 17. Nb3 Na4 18. Rab1 Nb6 19. Qe2 Nc4 20. Bd3 b5 21. Nd4 a6 22. Bh2 Nd7 23. f4 Bxd4 24. cxd4 Qf6 25. Rbd1 Rc6 26. g4 Qg7 27. Bg3 f5 28. b3 Ncb6 29. Kg2 Rac8 30. Bb1 Nf8 31. f3 Nbd7 32. Qd2 Rc3 33. Re2 b4 34. Be1 Qf6 35. Bg3 a5 36. Re3 Nb8 37. Rxc3 Rxc3 38. Bf2 Nc6 39. Rc1 fxg4 40. hxg4 Rxc1 41. Qxc1 Nxd4 42. Bd3 h5 43. Qc7+ Kg8 44. Qc5 1-0